00333nam a2200121Ia 4500008004100000100003700041245004000078260005000118300000800168650001300176942000700189999001500196190216s9999||||xx |||||||||||||| ||und|| a"Ramachandran N,Ramkumar Kakani" 0aFinancial Accounting For Management bTata Mcgraw Hill Publishing Company Ltdc2008 a624 aCommerce cBK c7505d7505